Carregando...

Crossing Thresholds: Feminist Essays in Social History/

Articles chiefly with reference to Maharashtra, India.

Detalhes bibliográficos
Autor principal: Kosambi,Meera
Formato: Printed Book
Idioma:English
Publicado em: Ranikhet: Permanent Black, 2007.
Assuntos:
LEADER 00639nam a22001697a 4500
008 191030b ||||| |||| 00| 0 eng d
999 |c 344277  |d 344277 
020 |a 817824182X 
082 |a 305.420954 
100 |a Kosambi,Meera 
245 |a Crossing Thresholds:  |b Feminist Essays in Social History/  |c Meera Kosambi 
260 |a Ranikhet:  |b Permanent Black,  |c 2007. 
300 |b 397p. 
520 |a Articles chiefly with reference to Maharashtra, India. 
650 0 |a Feminism 
942 |c BK 
952 |0 0  |1 0  |2 ddc  |4 0  |6 305_420954000000000_KOS_C  |7 0  |9 395896  |a SDE  |b SDE  |c ST1  |d 2019-10-30  |g 695.00  |i SDE3798  |l 0  |o 305.420954 KOS/C  |p SDE3798  |r 2019-10-30  |w 2019-10-30  |y BK